Word Ladder: I Am No Bird Quiz Stats

 Plays Quiz Updated Oct 24, 2015

Challenge
Share
Tweet
Embed
Score 0/30 Timer 03:00
0 Plays Today
Hint 4-Letter Word % Correct
Magician's stickWAND
98%
Window glassPANE
97.8%
Female horseMARE
97.3%
Hospital divisionWARD
96.8%
Earth's natural satelliteMOON
95.5%
Sound of pain and sufferingMOAN
94.6%
With 'down', to trim outer surfacesPARE
94.2%
Relative of elk and mooseDEER
93.8%
Borrowed moneyLOAN
93%
Property titleDEED
92.6%
'Mommie Dearest' CrawfordJOAN
92.2%
Cargo, freightLOAD
90.2%
Feudal superiorLORD
89.5%
CautiousWARY
89.3%
●Title character's cousin: ____ Rivers●●MARY●
88.8%
Hint 4-Letter Word % Correct
Traditional legends and storiesLORE
88.6%
Crazy-sounding waterbirdLOON
88.2%
Kentucky US senator PaulRAND
88%
One who accomplishesDOER
87.2%
Tear apartREND
83.6%
●Title character's aunt: Sarah ____●REED●
80.8%
●Title character: ____ [last rung]●●JANE●
79.7%
U-shaped stringed instrumentLYRE
77.4%
●Title character: [first rung] ____●EYRE●
72.1%
Timely benefitBOON
70.9%
●Marsh End, AKA ____ House●●MOOR●
64.5%
War against The Orange Free StateBOER
64.1%
●Clergyman/suitor St. ____ Rivers●●JOHN●
63.2%
Uncultured loutBOOR
61.5%
American golfer Jason ____BOHN
51.5%

Today's Daily Dose

You're not logged in!

Compare scores with friends on all Sporcle quizzes.
OR
Log In

You Might Also Like...

Show Comments

Extras

Top Quizzes Today


Score Distribution

Your Account Isn't Verified!

In order to create a playlist on Sporcle, you need to verify the email address you used during registration. Go to your Sporcle Settings to finish the process.

Report this User

Report this user for behavior that violates our Community Guidelines.

Details: